00446nam a2200169Ia 450000500170000000800410001704000190005804100120007708200150008910000180010424500480012226000440017030000110021450400190022565000220024485000100026620260602121222.0131103s9999 xx 000 0 und d aLoreto College aEnglish a840.9bGAR aGardiner, L.J aOutlines of french literaturecL.J Gardiner aLondonbUniversity tutorial pressc1950 a448p.  aIncludes index aFrench literature aLCLIB